000 00663nam a22002177a 4500
999 _c8986
_d8986
003 AR-CdUCM
008 190327b ||||| |||| 00| 0 spa d
040 _aMUNICIPALIDAD PROVINCIAL DEL CUSCO
_cBIBLIOTECA MUNICIPAL DEL CUSCO
082 _a860.5 /
_bV38
100 _aVelazques, Carlos
_924904
245 _aFlor Exangue /
260 _aCusco :
_c1932.
300 _a4 páginas ;
_c22 cm.
500 _aContiene dedicatoria dirigida a Luis Nieto de una de los autores.
650 _aPoesia Abstracta
_924905
650 _aPoesia Cusqueña
_92323
650 _aPoesia Peruana
_9280
700 _aMarton, Rodolfo
_924906
942 _2ddc
_cLIBROS
945 _artm